Oceán pevnina budoucnosti

Bibliographic Details
Main Author: Kukal, Zdeněk, 1932- (Author)
Format: Book
Language:Undetermined
PhysicalDescription:314 s.
Published: Praha Horizont 1984

MARC

LEADER 00000nam a2200000 a 4500
001 vtls001349826
003 SK-MaSNL
005 20260301010323.0
008 240318s1984 xx 0 und
035 |a SNK000303149 
040 |a SNK  |b slo  |c SNK  |e AACR2 
100 1 |a Kukal, Zdeněk,  |d 1932-  |4 aut  |9 113046 
245 1 0 |a Oceán pevnina budoucnosti 
260 |a Praha  |b Horizont  |c 1984 
300 |a 314 s. 
958 |a OND 
999 |c 547760  |d 549690 
952 |t P60, <04>, [BOOK], {604}  |a SNK  |b SNK  |y VYP  |7 0  |p 17A0170038  |o snkID 80505 D1  |0 0  |1 1  |4 0  |d 1998-12-01  |l 0  |r 2005-01-02 00:00:00  |w 2026-02-23 
952 |t P60, <04>, [BOOK], {604}  |a SNK  |b SNK  |y VYP  |7 0  |p 17A0097313  |o snkID 80505  |0 0  |1 0  |4 0  |d 1999-01-16  |l 0  |r 2005-01-02 00:00:00  |w 2026-02-23